| 000 | 00000nam 2200000zi 4500 |
| 001 | 9.947233 |
| 003 | CaOODSP |
| 005 | 20250324131008 |
| 006 | m o d f |
| 007 | cr b|||||||||| |
| 008 | 250122e199104##onc o f000 0 fre d |
| 040 | |aCaOODSP|bfre|erda|cCaOODSP |
| 043 | |an-cn--- |
| 086 | 1 |aCo24-3/10-7-1991F-PDF |
| 245 | 00|aEnquête sur les communications. |
| 264 | 1|a[Ottawa] : |bGouvernement du Canada, Ministère des Communications, Division de l'évaluation des programmes, |cavril 1991. |
| 300 | |a1 ressource en ligne (vi, 26 pages). |
| 336 | |atexte|btxt|2rdacontent/fre |
| 337 | |ainformatique|bc|2rdamedia/fre |
| 338 | |aressource en ligne|bcr|2rdacarrier/fre |
| 490 | 1 |aÉtude spéciale |
| 490 | 0 |aDivision de l'evaluation des programmes du Ministère des Communications |
| 500 | |aÉdition numérisée de l'imprimé [par Innovation, Sciences et Développement économique Canada]. |
| 500 | |aPublié aussi en anglais sous le titre : Communications survey. |
| 500 | |aComprend du texte en anglais. |
| 610 | 10|aCanada. |bMinistère des communications. |bDivision de l'évaluation des programmes. |
| 650 | 6|aCommunication|xEnquêtes|zCanada. |
| 710 | 1 |aCanada. |bMinistère des communications, |eorganisme de publication. |
| 710 | 1 |aCanada. |bMinistère des communications. |bDivision de l'évaluation des programmes, |eorganisme de publication. |
| 775 | 08|tCommunications survey.|w(CaOODSP)9.947227 |
| 830 | #0|aÉtude spéciale (Canada. Communications Canada. Direction générale des examens ministériels)|w(CaOODSP)9.939895 |
| 856 | 40|qPDF|s870 Ko|uhttps://publications.gc.ca/collections/collection_2025/isde-ised/co24/Co24-3-10-7-1991-fra.pdf |